| 000 | 00397nam a22001457a 4500 | ||
|---|---|---|---|
| 020 | _a9789332584747 | ||
| 040 | _cNUST | ||
| 082 |
_a620.1 _bHIB |
||
| 100 | _aR.C. Hibbeler | ||
| 245 | _aEngineering Mechanics Statics and Dynamics | ||
| 250 | _aFourteenth Edition | ||
| 260 |
_aUSA: _bPearson Education, _c2018. |
||
| 650 |
_aEngineering Mechanics Statics and Dynamics _963421 |
||
| 942 |
_2ddc _cBK |
||
| 999 |
_c610079 _d610079 |
||